CO MOŻE BYĆ ZAJĘTE? - Statystyki

Ogólne statystyki
  • Ten quiz został rozwiązany 14 razy
  • Średni wynik to 2 z 5
Statystyki odpowiedzi
Hint Odpowiedź % Poprawnych
2. MIEJSCE
75%
1. TOALETA
58%
4. OSOBA
50%
3. NUMER
42%
5. OBIEKT UCZUĆ
8%
Nie znaleziono quizów pasujących do podanych kryteriów
Rozkład punktacji
Procent ludzi z każdym wynikiem
Percentyl według liczby udzielonych odpowiedzi
Twoja historia wyników
Nie rozwiązałeś tego quizu